000 00670nam a22001937a 4500
999 _c159829
_d159829
005 20190107151124.0
010 _aENG-124633
020 _a9788192535487
_c695.00
035 _aEN-108165
037 _bDBAD/PUB
082 _a327.54
100 _aBimal Prasad
245 _aThe making of india's foreign policy:
_ced. by C.D. Sahay
_bthe indian national congress and world affairs 1885-1947/
260 _aNew Delhi
_bVitasta Publishing Pvt Ltd
_c2013
270 _a2/15, Ansari Road, Daryaganj,
_bNew Delhi
_e110002
300 _axv301p.
_c21cm.(Hb)
500 _aIt includes bibliography, references and index
942 _2ddc
_cEN
_mBIM
_h327.54